| 000 | 00709nam a2200253Ia 4500 | ||
|---|---|---|---|
| 003 | OSt | ||
| 005 | 20221006160505.0 | ||
| 006 | a|||||r|||| 00| 0 | ||
| 007 | ta | ||
| 008 | 221006b |||||||| |||| 00| 0 eng d | ||
| 024 | _a45,308 | ||
| 037 | _cSeries Articles | ||
| 040 |
_aEASL _cEASL _beng |
||
| 041 |
_2eng _aeng |
||
| 100 |
_aPant Girijesh _9673866 |
||
| 245 | 0 |
_aFrom the vantage point of tahrir square _b Popular uprising in the Arab world |
|
| 260 |
_aLos _bAngeles Sage Publications London _c2012 |
||
| 300 |
_a331-350pp. _ccm. |
||
| 490 | _v49 | ||
| 650 |
_a Arab World _9673867 |
||
| 650 | _aAsian Studies | ||
| 942 |
_cREF _2CC |
||
| 999 |
_c1113400 _d1113400 |
||